| 000 | 00727nam a2200229 a 4500 | ||
|---|---|---|---|
| 999 |
_c839 _d839 |
||
| 001 | 4228 | ||
| 003 | BD-DhUAP | ||
| 005 | 20200128131033.0 | ||
| 008 | 200128s20001999bg 000 0 eng | ||
| 020 | _a9840514636 | ||
| 040 |
_aBD-DhUAP _cBD-DhUAP _dBD-DhUAP _bEng |
||
| 082 | 0 | 0 |
_a954.9205 KIB _223 |
| 100 | 1 |
_aKibria, Shah A. M. S. _911853 |
|
| 245 | 1 | 0 |
_aBangladesh at the crossroads / _cShah A.M.S. Kibria. |
| 260 |
_aBangladesh : _bUniversity Press, _cc1999 [Reprinted 2000]. |
||
| 300 |
_axii, 365 pages ; _c22 cm. |
||
| 651 | 0 |
_aBangladesh _xPolitics and government _y1971 _911981 |
|
| 651 | 0 |
_aBangladesh _xEconomic conditions. _96034 |
|
| 651 | 0 |
_aBangladesh _xSocial conditions. _910911 |
|
| 942 |
_2ddc _cBK |
||